000 00472nam a2200181Ia 4500
008 240925s9999 xx 000 0 und d
020 _a9789693512281
082 _a954.9143 RAH
100 _aRehman, Shafiq -ur-
245 0 _aInsani Tamaasha
250 _aNA
260 _aLahore:
_bSang-e-Meel
_c,2012.
300 _avi, 81p.
_b0
_fOriginal
500 _aIncludes Content
600 _aHumanities & Natural Science
650 _aHistory and Geography
942 _cBK
999 _c14352
_d14352